2010: NFL Teams with the Most Points - Statistics

General Stats
  • This quiz has been taken 10 times
  • The average score is 9 of 10
Answer Stats
Number of points NFL Team % Correct
394 Dallas Cowboys
100%
388 Green Bay Packers
100%
518 New England Patriots
100%
439 Philadelphia Eagles
100%
390 Houston Texans
90%
435 Indianapolis Colts
90%
394 New York Giants
90%
441 San Diego Chargers
90%
414 Atlanta Falcons
70%
410 Oakland Raiders
70%
No matching quizzes found
Score Distribution
Percent of People with Each Score
Percentile by Number Answered
Your Score History
You have not taken this quiz